[Event "Liberec Region-chT 2223"]
[Site "Czech Republic"]
[Date "2022.12.11"]
[Round "5.6"]
[White "Slaba, Jiri"]
[Black "Mauer, Pavel"]
[Result "0-1"]
[WhiteElo "1760"]
[BlackElo "1321"]
[PlyCount "82"]
[EventDate "2022.10.09"]
[EventType "team-tourn"]
[EventRounds "11"]
[EventCountry "CZE"]
[SourceTitle "EXT 2024"]
[Source "ChessBase"]
[SourceDate "2023.10.10"]
[SourceVersion "1"]
[SourceVersionDate "2023.10.10"]
[SourceQuality "1"]

1. e4 c5 2. Nf3 d6 3. d4 cxd4 4. Nxd4 Nf6 5. Nc3 a6 6. Be2 e6 7. Be3 Be7 8. Qd2 Qc7 9. 0-0-0 Nc6 10. h3 b5 11. f3 Bb7 12. g4 Ne5 13. h4 Nc4 14. Bxc4 Qxc4 15. Kb1 Nd7 16. g5 Qc7 17. h5 Ne5 18. Qg2 Nc4 19. Bc1 Rc8 20. Rh2 b4 21. Na4 Bc6 22. Nxc6 Qxc6 23. b3 Na3+ 24. Bxa3 bxa3 25. c4 Rb8 26. Ka1 f6 27. f4 fxg5 28. e5 Qxg2 29. Rxg2 gxf4 30. exd6 Bf6+ 31. Kb1 Kf7 32. c5 Rhc8 33. Rc2 Rc6 34. Nb6 Rd8 35. Rf1 e5 36. b4 Ke6 37. Rf3 Rb8 38. Rxa3 Bd8 39. Rxa6 Bxb6 40. b5 Rxc5 41. Rxb6 Rxb5+ 0-1